000 00576nam a22001817a 4500
005 20161104165627.0
010 _aENG-116452
020 _a9788124119228
_c595.00
035 _aEN-99984
037 _bDBAD/PUB
082 _a305.4209547
100 _aSarwari, Aisha
245 _aNavigating Pakistani feminism fight by fight /
_cby Aisha Sarwari
260 _aNew Delhi
_bHar-Anand Publications Pvt Ltd
_c2016
270 _aE-49/3, Okhla Industrial Area, Phase-II
_bNew Delhi
_e110020
300 _a162p.
_c21cm (Hb)
942 _2ddc
_cEN
_h305.4209547
_mSAR
999 _c104472
_d104472